000 00555nam a2200205Ia 4500
005 20250508165720.0
008 008 250505s9999 xx 000 0 hin d
020 _a978-93-85054-09-9
037 _aTextual
040 _aFEDL
_beng
_cFEDL
041 _ahin
_2eng
084 _a891.433, PAI
_qFEDL
100 _aPainuly Archana
_9781709
245 0 _aWhere do I belong
260 _aNew Delhi, India
_bBhartiya Gyanpeeth
_c2013
300 _a394p.
365 _aINR
_b390
942 _cTEXL
_h891.433, PAI
999 _c1396958
_d1396958